00641pam a2200181 a 4500020002800000082003200028100002200060245007100082250001200153260004100165300004300206526003700249650002100286650001400307700001700321856005500338856006600393 a0471147354 (alk. paper)00a620.106bROBcL- NUST, P-251 aRoberson, John A.10aEngineering fluid mechanics /cJohn A. Roberson, Clayton T. Crowe. a6th ed. aNew York :bJ. Wiley & Sons,cc1997. axiii, 689, 31, 11 p. :bill. ;c25 cm. a0b0c0d620_106000000000000_ROB 0aFluid mechanics. 0aNUST/ MCE1 aCrowe, C. T.4 uhttp://www.loc.gov/catdir/toc/onix03/96032538.html42uhttp://www.loc.gov/catdir/enhancements/fy0607/96032538-d.html